000 00555nam a2200229Ia 4500
003 OSt
005 20220924142716.0
006 a|||||r|||| 00| 0
007 ta
008 ASM
024 _a303010
037 _cTextual
040 _aARTS
_cARTS
_bASM
041 _2ASM
_aASM
082 _aO158,3M69x, K8.1
100 _aBezbaroa S.L.
_9213914
245 0 _aBezbaroa granthavalee
260 _c1968
650 _aASSAMESE LITERATURE
_911738
942 _hO158,3M69x, K8.1
_cTEXL
_2CC
999 _c451673
_d451673